000 00435nam a2200145Ia 4500
008 100204s9999 xx 000 0 und d
082 _b9643
100 _aप्रभुदेसाई बाळकृष्ण
245 _aगंधर्व
260 _b"मौज प्रकाशन , मुंबई"
_c1987
300 _a199
630 _aगंधर्व
730 _aगंधर्व
942 _cBOOK
999 _c454079
_d454076